00653nam a2200241 a 4500001001300000003000900013005001700022008004100039020001000080082001300090100002000103245003000123260003600153300000900189500003500198505002200233650001300255700002000268902000800288942000700296952009300303999001500396nice12345678IN_TiNIC20260116011602.0050524s1923 lona grp 000 0 eng  ac10000a230bTEM aTemple, William aMens Creatrixb an Essay. aLondonbMacmillan and Co.c1923 a367p aincludes index and biblioraphy2 aAppendix, Indices aTheology1 aTemple, William bSRS cBK 00104070aHMIbHMId2007-06-12g100.00l0o230 TEMp1762r2007-06-12w2026-01-16yARB c2755d2755